|
|
|
|
| LEADER |
00000nam a2200000 a 4500 |
| 001 |
vtls001374373 |
| 003 |
SK-MaSNL |
| 005 |
20260301161222.0 |
| 008 |
240318t1968 xr a f 00100 cze |
| 035 |
|
|
|a SNK000328256
|
| 040 |
|
|
|a SNK
|b slo
|c SNK
|e AACR2
|
| 041 |
|
|
|a cze
|
| 080 |
|
|
|a 617.55-036.11
|2 1981
|
| 080 |
|
|
|a 617-089
|2 2001
|
| 080 |
|
|
|a 617.55-089
|2 2001
|
| 100 |
1 |
|
|a Niederle, Bohuslav,
|d 1907-2000
|4 aut
|9 110235
|
| 245 |
1 |
0 |
|a Operace náhlých příhod břišních
|c Bohuslav Niederle
|
| 250 |
|
|
|a 2. vyd.
|
| 260 |
|
|
|a Praha b Státní zdravotnické nakladatelství
|c 1968
|
| 300 |
|
|
|a 484 s.
|b il.
|c 24 cm
|
| 650 |
0 |
7 |
|a chirurgia
|2 SNKPH
|9 2178
|
| 650 |
0 |
7 |
|a brušná chirurgia
|2 SNKPH
|9 76754
|
| 700 |
1 |
7 |
|a Šebek, Václav,
|d 1901-1980
|4 aut
|9 238429
|
| 958 |
|
|
|a OND
|
| 999 |
|
|
|c 808605
|d 810535
|
| 952 |
|
|
|t P60, <04>, [BOOK], {604}
|a SNK
|b SNK
|y VYP
|7 0
|p 17A0213622
|o snkIC 42767 D1
|0 0
|1 1
|4 0
|d 1999-10-11
|l 0
|r 2005-01-02 00:00:00
|w 2026-02-24
|